|
|
|
|
| LEADER |
00000ckm a2200000 a 4500 |
| 001 |
vtls001248541 |
| 003 |
SK-MaSNL |
| 005 |
20260426004244.0 |
| 007 |
kf co |
| 008 |
230718q1994 xo g 0kuslo |
| 015 |
|
|
|a SNBG1994
|
| 035 |
|
|
|a SNK000199360
|
| 035 |
|
|
|a 2A81FE03-D452-4896-BFE8-E6A366621604
|
| 035 |
|
|
|a urn:nbn:sk:snk-km00gdpc
|
| 040 |
|
|
|a SNK
|b slo
|c SNK
|e AACR2
|
| 041 |
0 |
|
|a slo
|
| 043 |
|
|
|a e-xo---
|
| 044 |
|
|
|a xo
|c SK
|
| 072 |
|
7 |
|a 913
|x Regionálna geografia
|2 konspekt
|
| 080 |
|
|
|a 908.437.652(084.121)
|2 1981
|
| 080 |
|
|
|a 913(437.6)
|2 2011
|
| 080 |
|
|
|a 640.443
|2 2001
|
| 080 |
|
|
|a 640.43
|2 2011
|
| 080 |
|
|
|a 640.412
|2 2011
|
| 080 |
|
|
|a (084.121)
|2 2011
|
| 080 |
|
|
|a 72.012.8
|2 2011
|
| 100 |
1 |
|
|a Lašut, Filip,
|d 1945-2012
|4 pht
|4 pbl
|9 151668
|
| 245 |
1 |
0 |
|a Hotel Turiec Martin
|h grafika
|c foto a vydanie Filip Lašut Slovensko
|
| 246 |
1 |
|
|i Názov na obrazovej časti:
|a Martin
|
| 260 |
|
|
|a [Vrútky]
|b Filip Lašut Slovensko
|c [1994?]
|e Skalica
|f Grafobal a. s.
|
| 300 |
|
|
|a 1 pohľadnica (3 čiastkové pohľady)
|b farebná
|c 11 x 15 cm
|
| 500 |
|
|
|a Na adresnej časti uvedené: "Foto a vydanie © Filip Lašut Slovensko"
|
| 500 |
|
|
|a Rok vydania určený na základe prírastkového čísla
|
| 500 |
|
|
|a Na adresnej časti uvedené telefónne číslo a fax do hotela
|
| 520 |
8 |
|
|a Zobrazenie: Tri čiastkové pohľady, dva v modrom orámovaní, vsadené do prvého tvoriaceho ich podklad. Vpravo hore je v prvom pohľade bielym písmom názov. Pohľad na Hotel Turiec zvonku, v popredí sú mladé stromy v parku. Dva pohľady na interiér hotela, vľavo je reštaurácia s radmi prestretých stolov, vpravo je bar
|
| 610 |
2 |
7 |
|a Hotel Turiec (Martin, Slovensko)
|2 SNKKA
|9 283294
|
| 650 |
0 |
7 |
|a hotely
|2 SNKPH
|9 18422
|
| 650 |
0 |
7 |
|a reštaurácie
|2 SNKPH
|9 23080
|
| 650 |
0 |
7 |
|a bary
|2 SNKPH
|9 30142
|
| 650 |
0 |
7 |
|a interiéry
|2 SNKPH
|9 2953
|
| 651 |
|
7 |
|a Martin (Slovensko)
|2 SNKPHgeo
|9 16875
|
| 655 |
|
7 |
|a miestne pohľadnice
|2 SNKPH
|9 70510
|
| 852 |
|
|
|a Slovenská národná knižnica
|
| 954 |
|
|
|a pohľadnice pôvodné (slovenské)
|2 lita
|
| 958 |
|
|
|a GBN
|
| 958 |
|
|
|a GC
|
| 958 |
|
|
|a OND
|
| 958 |
|
|
|a EUIPO
|
| 999 |
|
|
|c 969821
|d 971751
|
| 952 |
|
|
|a SNK
|b SNK
|y PREZ
|7 0
|p 17A1410667
|o snkSP 147350
|i snkPV 194/94
|0 0
|1 0
|4 0
|d 2020-10-16
|f 1
|l 0
|r 2026-02-24 10:48:01
|w 2026-02-24
|
| 952 |
|
|
|a SNK
|b SNK
|y PREZ
|7 0
|p 17A1410553
|o snkSP 147350 D1
|i snkPV 195/94
|0 0
|1 0
|4 0
|d 2020-10-16
|l 0
|r 2026-02-24 10:48:01
|w 2026-02-24
|